Steven Universe Characters - Statistics

General Stats
  • This quiz has been taken 268 times
  • The average score is 27 of 74
Answer Stats
Character % Correct
Steven Universe
98%
Pearl
97%
Garnet
96%
Rose Quartz
89%
Amethyst
85%
Peridot
85%
Yellow Diamond
79%
Lapis Lazuli
77%
White Diamond
77%
Blue Diamond
76%
Ruby
76%
Sapphire
75%
Connie Maheswaran
74%
Bismuth
72%
Lars Barriga
70%
Opal
66%
Sadie Miller
62%
Jasper
56%
Sardonyx
51%
Smoky Quartz
49%
Alexandrite
47%
Obsidian
47%
Rainbow Quartz
47%
Onion
45%
Yellow Pearl
43%
Blue Pearl
42%
Sugilite
41%
Sour Cream
40%
Stevonnie
40%
Sunstone
38%
Lion
36%
Spinel
36%
White Pearl
36%
Malachite
35%
Topaz
35%
Kiki Pizza
34%
Aquamarine
33%
Ronaldo Fryman
33%
Fluorite
31%
Jenny Pizza
30%
Rhodonite
30%
Rutile
29%
Vidalia
24%
Padparadscha
21%
Buck Dewey
20%
Emerald
19%
Eyeball
19%
Holly Blue Agate
19%
Peedee Fryman
19%
Steg
19%
Kofi Pizza
18%
Jamie
17%
Yellowtail
17%
Zircon
17%
Barb
16%
Mr. Fryman
15%
Nanefua Pizza
13%
Pumpkin
13%
Marty
12%
Navy
11%
Army
10%
Doc
10%
Leggy
10%
Gregg Universe
9%
Kevin
9%
Bill Dewey
8%
Harold Smiley
8%
Nephrite
8%
Doug Maheswaran
7%
Priyanka Maheswaran
6%
The Cluster
4%
Andy DeMayo
3%
Martha Barriga
3%
Dante Barriga
2%
No matching quizzes found
Score Distribution
Percent of People with Each Score
Percentile by Number Answered
Your Score History
You have not taken this quiz